LEADER 01347nam a2200325 a 4500 001 000000134917 003 CaOOAMICUS 005 20130715121423.0 008 130715s2011 it u000 u ita r 020 $a88-14-15746-4 040 $aPUL$bita 082 04$a344.45 245 03$aLe decisioni di fine vita /$ca cura di Mirzia Bianca. 260 $aMilano :$bGiuffrè,$c©2011. 300 $aVIII, 249 p. ;$c24 cm 490 1 $aQuaderni della "Rivista del notariato" ;$v14 504 $aBibliografia in nota. 650 4$aEutanasia$xAspetti giuridici.$0(OLS)http://pul/subject/33668 650 4$aMorte (diritto).$0(OLS)http://pul/subject/4429 650 4$aTestamento biologico.$0(OLS)http://pul/subject/39750 700 1 $aBianca, Mirzia.$0(OLS)http://pul/name/86917 830 0$aQuaderni della "Rivista del notariato" ;$v14.$0(OLS)http://pul/title/170637 850 $aPUL 852 $aPUL$W1$xSL Diritto e Scienze Sociali 3$y79$m344. 45 BIAMI 1$j155276$qDDC 21$B154814$CPULBib$Z2$F154814 $H122676 $82 941 1 $a9 996 $6020$a88-14-15746-4$9(OLS)http://pul/number/153282 996 $6082$a344.45$9(OLS)http://pul/classification/416 996 $6245$aLe decisioni di fine vita$9(OLS)http://pul/title/170636 996 $6260$aMilano :$bGiuffrè$9(OLS)http://pul/publisher/48401 LEADER 01550nam a2200325 a 4500 001 000000142748 003 CaOOAMICUS 005 20150413100938.0 008 150413s2005 it u000 u ita r 020 $z8834854926* 040 $aPUL$bita 082 04$a342.450852 100 1 $aCanonico, Marco,$d1963-$0(OLS)http://pul/name/28577 245 13$aIl ruolo della giurisprudenza costituzionale nell'evoluzione del diritto ecclesiastico /$cMarco Canonico. 260 $aTorino :$bG. Giappichelli,$c©2005. 300 $a243 p. ;$c24 cm 490 1 $aCollana del dipartimento di Diritto Pubblico Università degli studi di Perugia ;$v15 504 $aBibliografia in nota. 650 4$aDiritto ecclesiastico$xGiurisprudenza costituzionale.$0(OLS)http://pul/subject/41559 830 0$aCollana del Dipartimento di Diritto Pubblico (Università degli Studi di Perugia) ;$v15.$0(OLS)http://pul/title/142417 850 $aPUL 852 $aPUL$W1$xSL Diritto e Scienze Sociali 3$y79$m342. 450852 CANMA 1$j164622$qDDC 21$B164888$CPULBib$Z2$F164888 $HBar1053 $82 941 1 $a9 961 $aProvenienza Fondo G. Barberini. 961 $aDedica autografa dell'A. 996 $6020$z8834854926*$9(OLS)http://pul/number/157363 996 $6082$a342.450852$9(OLS)http://pul/classification/1766 996 $6245$aIl ruolo della giurisprudenza costituzionale nell'evoluzione del diritto ecclesiastico$9(OLS)http://pul/title/180701 996 $6260$aTorino :$bG. Giappichelli$9(OLS)http://pul/publisher/49130